| 000 | 00440nam a22001697a 4500 | ||
|---|---|---|---|
| 003 | SGT | ||
| 020 | _a9788184731927 | ||
| 082 |
_a612 _bB24T |
||
| 100 | _aTONDON,OP.ed. | ||
| 245 | _aBEST & TAYLOR'S PHYSIOLOGICAL BASIS OF MEDICAL PRACTICES | ||
| 250 | _a7TH | ||
| 260 |
_aINDIA _bWOLTERS KLUWER _c2024 |
||
| 300 | _a1283 | ||
| 650 | _aPHYSIOLOGY | ||
| 653 | _aBEST, TAYLOR'S, PHYSIOLOGICAL, BASIS , MEDICAL, PRACTICES | ||
| 942 |
_2ddc _cBK |
||
| 999 |
_c29121 _d29121 |
||